El Código educativo de la Compañía de Jesús / (Record no. 69983)
[ view plain ]
| 000 -LEADER | |
|---|---|
| fixed length control field | 00521cam a2200181 4500 |
| 008 - FIXED-LENGTH DATA ELEMENTS--GENERAL INFORMATION | |
| fixed length control field | 1988 spa |
| 020 ## - INTERNATIONAL STANDARD BOOK NUMBER | |
| International Standard Book Number | 968-859-025 |
| 050 #4 - LIBRARY OF CONGRESS CALL NUMBER | |
| Classification number | LC493 |
| Item number | M45 1988 |
| 100 1# - MAIN ENTRY--PERSONAL NAME | |
| Personal name | Meneses, Ernesto |
| 245 #3 - TITLE STATEMENT | |
| Title | El Código educativo de la Compañía de Jesús / |
| Statement of responsibility, etc | Ernesto Meneses. |
| 260 ## - PUBLICATION, DISTRIBUTION, ETC. (IMPRINT) | |
| Place of publication, distribution, etc | México : |
| Name of publisher, distributor, etc | UIA, Departamento de Historia, |
| Date of publication, distribution, etc | 1988 |
| 300 ## - PHYSICAL DESCRIPTION | |
| Extent | 73 p. ; |
| Dimensions | 21 cm. |
| 500 ## - GENERAL NOTE | |
| General note | 2 ejemplar |
| 650 #4 - SUBJECT ADDED ENTRY--TOPICAL TERM | |
| Topical term or geographic name as entry element | Jesuítas de Historia |
| 942 ## - ADDED ENTRY ELEMENTS (KOHA) | |
| Source of classification or shelving scheme | Biblioteca del Cogreso de los Estados Unidos |
| Koha item type | Libro |
| Estado de pérdida | Fuente de clasificación | Estado del daño | No para préstamo | Ubicación permanente | Ubicación actual | Apartado o colección | Fecha de adquisición | Área del conocimiento | Clasificación | Código de Barras | Date last seen | Número de copia | Tipo de recurso |
|---|---|---|---|---|---|---|---|---|---|---|---|---|---|
| Biblioteca del Cogreso de los Estados Unidos | Biblioteca del Instituto de Investigaciones Históricas | Biblioteca del Instituto de Investigaciones Históricas | General | 06/11/2018 | Ciencias Sociales y Administrativas | LC493 M95 1988 | IIH000026765 | 06/11/2018 | C:1 | Libro | |||
| Biblioteca del Cogreso de los Estados Unidos | Biblioteca del Instituto de Investigaciones Históricas | Biblioteca del Instituto de Investigaciones Históricas | General | 06/11/2018 | Ciencias Sociales y Administrativas | LC493 M95 1988 | IIH000026766 | 06/11/2018 | C:2 | Libro |